000 00376nam a2200169Ia 4500
008 230524s9999 xx 000 0 und d
020 _a8122402666
082 _a4
_bKHA
100 _aN.Kannan
_92458
245 0 _aBasic
250 _a1st
260 _aNEW DELHI
_bJohn Wiley
_c1994
300 _aXII;287
500 _aQuantity Number: 1
650 _aComp-Sc
942 _cBK
999 _c4379
_d4379